Slovo o spoluidúcom hra v 3. dejstvách

Bibliographic Details
Main Author: Leonov, Leonid Maksimovič, 1899-1994 (Author)
Other Authors: Kret, Anton, 1930-2019 (Translator)
Format: Book
Language:Slovak
Russian
PhysicalDescription:68, [1] s. 4°
Published: Bratislava Lita 1971
Subjects:

MARC

LEADER 00000cam a2200000 a 4500
001 vtls008310239
003 SK-MaSNL
005 20260301122936.0
008 251124s1971 xo e 000 d slo
015 |a SNBA1972/01-00284 
035 |a SK01SNK19720002456 
035 |a SKM000004919 
040 |a SNK  |b slo  |c SNK  |e AACR2 
041 1 |a slo  |h rus 
044 |a xo  |c SK 
080 |a 882-2  |2 1981 
100 1 |a Leonov, Leonid Maksimovič,  |d 1899-1994  |4 aut  |9 150793 
240 1 0 |a Skutarevskij  |l Slovensky 
245 1 0 |a Slovo o spoluidúcom  |b hra v 3. dejstvách  |c Leonid Leonov ; z rus. orig. Skutarevskij. Zo zborníka Teatr, Tom 2. ... prel. Anton Kret 
260 |a Bratislava  |b Lita  |c 1971 
300 |a 68, [1] s.  |c 4° 
650 0 7 |a hry divadelné ruské  |2 SNK  |9 307157 
655 7 |a umelecká literatúra  |2 SNKPH  |9 60405 
700 1 |a Kret, Anton,  |d 1930-2019  |4 trl  |9 102081 
730 |a Skutarevskij  |9 469208 
958 |a OND 
958 |a RM 
958 |a RK 
958 |a LX 
958 |a UP 
958 |a RU 
999 |c 734613  |d 736543 
952 |a SNK  |b SNK  |y PREZ  |7 0  |p 17A0890280  |o snkSB 18012  |i snkKSP 1062/72  |0 0  |1 0  |4 0  |d 2015-03-26  |l 0  |r 2025-03-20 00:00:00  |w 2026-02-23 
952 |a SNK  |b SNK  |y VYP  |7 0  |o snkSB 18012 D1  |i snkKSP 1063/72  |0 0  |1 0  |4 0  |d 2015-03-26  |l 0  |r 2026-02-23 22:40:50  |w 2026-02-23